[Event "Finland Team Ch"]
[Site "Helsinki FIN"]
[Date "2015.02.07"]
[Round "5"]
[White "Paasonen, Pasi"]
[Black "Vallius, Kalevi"]
[Result "0-1"]
[Section "III Division:2"]
[Board "5"]
[WhiteTeam "Lauttasaaren Shakkikerho 3"]
[BlackTeam "Itä-Helsingin Shakkikerho 4"]
[WhiteElo "1229"]
[BlackElo "1421"]

1.Nf3 d5 2.d4 e6 3.c4 Nf6 4.Nc3 Nbd7 5.e3 c5 6.Be2 a6 7.O-O Bd6 8.b3 b6 9.Bb2
Bb7 10.Qc2 Rc8 11.Rfe1 h6 12.Rac1 Bc6 13.Qb1 a5 14.h3 Rb8 15.Nb5 Bxb5 16.cxb5
Ne4 17.a4 Ndf6 18.Ba3 Rc8 19.Rc2 O-O 20.Rec1 Qe7 21.Qb2 Nd7 22.Bd3 Ndf6 23.Ne5
Bxe5 24.dxe5 Nd7 25.Bxe4 dxe4 26.Rc4 f5 27.exf6 Nxf6 28.Rf1 Qf7 29.Qe2 Rcd8
30.Rd1 Nd5 31.Bb2 Qf5 32.Qc2 Nb4 33.Qc3 Rxd1+ 34.Kh2 Rf6 35.Qe5 Qxe5+ 36.Bxe5
Rxf2 37.Rxe4 Rd3 38.Bg3 Re2 39.Bf4 Kf7 40.Bc7 Nd5 41.Bf4 Nxf4 42.Rxf4+ Ke7 0-1

[Event "Finland Team Ch"]
[Site "Lahti FIN"]
[Date "2015.02.14"]
[Round "6"]
[Date "2015.02.15"]
[White "Kivilahti, Rami"]
[Black "Kumar, Ashwin"]
[Result "1-0"]
[Section "III Division"]
[Stage "Qualifier"]
[Board "4"]
[WhiteTeam "Lahden Shakki 2"]
[BlackTeam "Lauttasaaren Shakkikerho 2"]
[WhiteElo "1851"]
[BlackElo "1850"]

1.e4 c5 2.Nf3 d6 3.Bb5+ Nd7 4.d4 Nf6 5.Nc3 cxd4 6.Qxd4 a6 7.Ba4?! (7.Bxd7+) b5
8.Bb3 Bb7 9.a4 Qb6? (9...e5) 10.Qxb6 Nxb6 11.axb5 axb5 12.Rxa8+ Bxa8 13.Nxb5
Bxe4 14.Be3 Nfd5 15.Ke2?! (15.Ng5) Nxe3 16.Kxe3 Bc6 17.Nbd4 Bd7 18.Ra1 e5
19.Ne2 Be7 20.Ra6 Bd8 21.Nc3 Bc8 22.Ra7 O-O 23.Nb5 Nd7 24.Ke2 Bb6 25.Ra8 Bc5
26.Ng5 Nb6?! (26...d5) 27.Ra7 d5 28.Rc7 Bb4 29.Kd1 h6 30.Nf3 Bg4 31.h3 Bxf3+
32.gxf3 Rd8 33.c3 Bf8 34.Rb7 Bc5 35.Ke2 Kf8 36.Bc2 Ke8? (36...Nc4) 37.b4
Bxb4?! (37...Nd7) 38.cxb4 Nc4 39.Bb3 Nd6?! (39...Kf8) 40.Nxd6+ Rxd6 41.Rb5 f6
42.Rxd5 Rb6 43.b5 Ke7 1-0

[Event "Finland Team Ch"]
[Site "Karjaa FIN"]
[Date "2015.03.14"]
[Round "-"]
[White "Syvälahti, Heikki"]
[Black "Heikkinen, Jyrki"]
[Result "1/2-1/2"]
[Section "II Division:2"]
[Stage "Qualifier"]
[Board "2"]
[WhiteTeam "Karjaan Ura"]
[BlackTeam "Lauttasaaren Shakkikerho"]
[WhiteElo "2126"]
[BlackElo "2046"]

1.d4 d5 2.Nf3 c6 3.Nbd2 Bf5 4.c4 e6 5.g3 Bd6 6.Bg2 h6 7.O-O Nf6 8.Re1 O-O
9.Nh4 Bh7 10.e4 Nxe4 11.Nxe4 dxe4 12.Bxe4 Bxe4 13.Rxe4 Nd7 14.Nf3 Nf6 15.Re1
Qc7 16.Bd2 Rad8 17.Bc3 Be7 18.Qe2 Rfe8 19.b3 Nd7 20.Rad1 Bf6 21.Qe3 b5 22.Qd2
Qb7 23.Qe3 Nb6 24.Qe2 bxc4 25.bxc4 Qa6 26.c5 Qxe2 27.Rxe2 Nd5 28.Ba1 Rb8
29.Nd2 Rb4 30.Nb3 Reb8 31.Na5 Rc8 32.Kf1 Bd8 33.Nb3 a5 34.Nd2 Rcb8 35.Ne4 Kf8
36.Nc3 a4 37.Nxd5 exd5 38.Bc3 Rc4 39.Re3 Bf6 40.Ke2 a3 41.Kd3 Rb2 42.Bxb2 axb2
43.Rb1 Rxd4+ 44.Kc2 Rc4+ 45.Kb3 Rxc5 46.a4 Rc4 47.a5? c5?? (47...Rc5 {-+})
48.a6 Rb4+ 49.Ka2 Rb8 50.Ra3?? (50.Rbe1 {+-}) c4 51.a7 Ra8 52.Rd1 c3 53.Kb1 d4
54.Kc2 Ke7 55.f4 Ke6 56.g4 g5 57.fxg5 hxg5 58.Ra6+ Kd5 59.Rxf6 Rxa7 60.Rff1??
(60.Rdf1 {=}) Kc4 61.Rfe1 Ra2 (61...Ra1 {-+}) 62.Rf1 d3+?? 63.Rxd3 b1=Q+
64.Kxb1 Rb2+ 65.Kc1 Kxd3 66.Rf3+ Kd4 67.Rxf7 Rxh2 68.Rf5 Rg2 1/2-1/2

[Event "Finland Team Ch"]
[Site "Helsinki FIN"]
[Date "2015.03.14"]
[Round "-"]
[White "Holmqvist, Reijo"]
[Black "Heimonen, Arto"]
[Result "0-1"]
[Section "III Division:3"]
[Stage "Qualifier"]
[Board "5"]
[WhiteTeam "Karjaan Ura 2"]
[BlackTeam "Lauttasaaren Shakkikerho 2"]
[WhiteElo "1467"]
[BlackElo "1645"]

1.e4 c5 2.Nf3 d6 3.d4 cxd4 4.Nxd4 Nf6 5.Bd3 Nc6 6.c3 e6 7.Bg5 Be7 8.Nd2 O-O
9.O-O a6 10.f4 e5 11.fxe5 dxe5 12.Nxc6 bxc6 13.Nc4 Qc7 14.Qc2  Be6 15.b3 Bxc4
16.Bxc4 Rfd8 17.Bxf6 Bxf6 18.Qe2 Rd6 19.Rf3 Rad8 20.h3  Qa7+ 21.Kh1 Rd2 22.Qf1
R8d6 23.Bxa6 Qd7 24.Kh2 Bg5 25.Be2 Bf4+ 26.g3  Rxe2+ 27.Kg1 Be3+ 28.Kh1 Rdd2
29.Rxe3 Rxe3 0-1